Normal view
MARC view
Entry Personal Name
001 - CONTROL NUMBER
- control field: 61318
003 - CONTROL NUMBER IDENTIFIER
- control field: OSt
005 - DATE AND TIME OF LATEST TRANSACTION
- control field: 20260624150402.0
008 - FIXED-LENGTH DATA ELEMENTS
- fixed length control field: 260624|| aca||aabn | a|a d
040 ## - CATALOGING SOURCE
- Original cataloging agency: OSt
- Transcribing agency: OSt
100 ## - HEADING--PERSONAL NAME
- Personal name: Mahapatra, Sushanta Kumar, and Meher, Madan
670 ## - SOURCE DATA FOUND
- Source citation: Work cat.: (OSt): Mahapatra, Sushanta Kumar, and Meher, Madan , Welfare fees, welfare boards and platform capture in India’s Gig economy: The Karnataka experiment
